000 00476nam a2200157 i 4500
001 bg
100 1 _aFELLER, William
245 0 _aVvedenije w teoriju verojatnostej i ee prilożenija :
_bv 2-ch tomach /
_cWilliam Feller ; perevod so vtorogo ang. izd. Ju. V. Prochova. - T. 2.
260 _aMoskwa :
_b"Mir",
_c1984[?].
300 _a751, [1] s. ;
_c23 cm.
040 _cBPK
041 _apol
080 _a519.2
942 _cKS
008 s pl f |000 0 pol
999 _c28028
_d28028
856 _uhttp://koha.tu.koszalin.pl/cgi-bin/koha/opac-detail.pl?biblionumber=28028
_yKatalog online BPK